ESPN Top 100 NBA players 2020-2021 - Statistics

General Stats
  • This quiz has been taken 1,227 times
  • The average score is 66 of 100
Answer Stats
Hint Team Answer % Correct
2 LAL Anthony Davis
99%
1 LAL LeBron James
99%
4 DAL Luka Doncic
99%
8 GSW Stephen Curry
99%
7 POR Damian Lillard
98%
3 MIL Giannis Antetokounmpo
98%
9 HOU James Harden
98%
11 BOS Jayson Tatum
98%
12 MIA Jimmy Butler
98%
5 LAC Kawhi Leonard
98%
6 BKN Kevin Durant
98%
10 DEN Nikola Jokic
98%
91 PHI Seth Curry
98%
17 PHX Devin Booker
97%
14 PHI Joel Embiid
97%
15 PHX Chris Paul
95%
20 LAC Paul George
95%
13 MIA Bam Adebayo
93%
18 UTA Donovan Mitchell
93%
25 BKN Kyrie Irving
93%
19 NOP Zion Williamson
93%
22 WAS Bradley Beal
91%
21 DEN Jamal Murray
91%
32 BOS Jaylen Brown
91%
23 MIN Karl-Anthony Towns
91%
29 ATL Trae Young
91%
83 SAS Dejounte Murray
90%
31 MEM Ja Morant
90%
26 UTA Rudy Gobert
90%
16 PHI Ben Simmons
88%
24 TOR Pascal Siakam
88%
28 NOP Brandon Ingram
87%
35 MIL Khris Middleton
86%
30 TOR Kyle Lowry
86%
27 POR CJ McCollum
85%
34 SAC De'Aaron Fox
85%
33 MIL Jrue Holiday
84%
36 WAS Russell Westbrook
84%
44 GSW Draymond Green
83%
38 OKC Shai Gilgeous-Alexander
80%
50 IND Domantas Sabonis
78%
41 DAL Kristaps Porzingis
77%
54 NOP Lonzo Ball
75%
37 BOS Marcus Smart
73%
81 HOU John Wall
72%
40 TOR Fred VanVleet
71%
52 PHX DeAndre Ayton
69%
43 MEM Jaren Jackson Jr
69%
100 BKN Joe Harris
67%
57 PHI Tobias Harris
67%
56 CHI Zach LaVine
67%
48 BOS Kemba Walker
66%
42 ORL Nikola Vucevic
66%
74 IND Myles Turner
64%
59 MIA Tyler Herro
64%
82 SAS DeMar DeRozan
62%
53 POR Jusuf Nurkic
62%
47 IND Victor Oladipo
61%
78 ORL Aaron Gordon
60%
51 DEN Michael Porter Jr
60%
98 CHI Otto Porter Jr
60%
65 DET Blake Griffin
59%
45 CHA Gordon Hayward
58%
86 MIL Brook Lopez
54%
69 MIN D'Angelo Russell
52%
39 IND Malcolm Brogdon
52%
84 ATL John Collins
49%
49 BKN Spencer Dinwiddie
49%
75 MIA Duncan Robinson
48%
64 CLE Kevin Love
48%
92 NYK Mitchell Robinson
48%
94 BKN Jarrett Allen
47%
46 BKN Caris LeVert
46%
87 SAC Buddy Hield
45%
97 SAS Derrick White
44%
71 UTA Mike Conley
44%
62 ATL Bogdan Bogdanovic
43%
73 UTA Bojan Bogdanovic
43%
70 NOP Steven Adams
43%
95 SAS LaMarcus Aldridge
41%
96 LAL Marc Gasol
40%
58 MIA Goran Dragic
39%
55 HOU Christian Wood
37%
77 LAL Kentavious Caldwell-Pope
36%
72 HOU P.J. Tucker
36%
88 DET Jerami Grant
34%
63 IND TJ Warren
34%
67 NOP Eric Bledsoe
32%
66 LAC Serge Ibaka
32%
89 UTA Joe Ingles
31%
68 TOR OG Anunoby
30%
79 LAL Dennis Schroder
29%
90 LAC Patrick Beverley
29%
76 LAL Montrezl Harrell
28%
60 POR Robert Covington
26%
85 ATL Danilo Gallinari
25%
99 LAC Marcus Morris Sr
25%
93 MIN Ricky Rubio
20%
61 WAS Davis Bertans
18%
80 DAL Josh Richardson
14%
No matching quizzes found
Score Distribution
Percent of People with Each Score
Percentile by Number Answered
Your Score History
You have not taken this quiz